000 00536cam a22001934a 4500
005 20250605164129.0
008 250528s ||||||||||||||||||||||||d
035 _a18574
020 _a1856691772
040 _aGR-AtMCL
_bgre
_dGR-AtMCL
_eAACR2
245 1 _aIssues / New Magazine Design
260 _bLaurence King Publishing,
_c2000
300 _a176
520 _aFormat, Blow, Covers, Vanidad, Pace, 2wise, Words, Speak, Images, Econy.
700 1 _aLeslie Jeremy
_94834
942 _cBK
999 _c3923
_d3923